000 00346nam a22001457a 4500
008 221010b ||||| |||| 00| 0 eng d
020 _a9780323016193
041 _aeng
080 _2SECOND EDITION
_a61
082 _a61 EDM
100 _a5
101 _aMJEK
245 _aPROCEDURES FOR PRIMARY CARE PRACTITIONERS
_cEDMUNDS
942 _2udc
_cBK
999 _c58442
_d58442